Nazionali Finaliste dei Mondiali - Morte improvvisa - Statistics

Statistiche generali
  • Questo quiz è stato fatto 512 volte
  • Il punteggio medio è 9 su 13
Answers on the Grid
Answers color-coded by a green-red scale on the quiz's grid according to % correct below.
Germania
Brasile
Italia
Argentina
Francia
Paesi Bassi
Uruguay
Cecoslovacchia
Ungheria
Inghilterra
Spagna
Svezia
Croazia
Messico
Belgio
Jugoslavia
Svizzera
Unione Sovietica
Corea del Sud
Stati Uniti
Cile
Polonia
Paraguay
Scozia
Portogallo
Camerun
Austria
Bulgaria
Romania
Giappone
 
Statistiche sulle risposte
Risposta % Corretto
Francia
80%
Italia
79%
Inghilterra
78%
Spagna
78%
Argentina
76%
Germania
76%
Brasile
74%
Uruguay
71%
Paesi Bassi
64%
Croazia
63%
Ungheria
42%
Svezia
37%
Cecoslovacchia
36%
Nessun quiz corrispondente trovato
Distribuzione punteggi
Percentuale di utenti per punteggio
Percentile per numero di risposta
I tuoi punteggi nel tempo
Non hai fatto questo quiz